000 004220000a22001930004500
005 20120302061551.0
942 _cBOOK
100 _a Aathawale,Na.Vi.
245 _a Vrudhaani Aarogya Kase Raakhaawe.
250 _a 4
260 _aPune:Anmol Prakaashan,1977.
300 _a54p.
040 _aMAR
365 _b3/-
650 _aAarogya
650 _aVrudhaavasthaa
650 _aVyaayaam
650 _aYogaasane
999 _c354299
_d354296